<?xml version="1.0" encoding="UTF-8"?>
<record
    xmlns:xsi="http://www.w3.org/2001/XMLSchema-instance"
    xsi:schemaLocation="http://www.loc.gov/MARC21/slim http://www.loc.gov/standards/marcxml/schema/MARC21slim.xsd"
    xmlns="http://www.loc.gov/MARC21/slim">

  <leader>02051nam a2200277 i 4500</leader>
  <controlfield tag="001">000000364</controlfield>
  <controlfield tag="003">DO-SdBNP</controlfield>
  <controlfield tag="005">20260313082248.0</controlfield>
  <controlfield tag="007">ta</controlfield>
  <controlfield tag="008">260413s2002    dr      r     001 0 spa d</controlfield>
  <datafield tag="040" ind1=" " ind2=" ">
    <subfield code="a">DO-SdBNP</subfield>
    <subfield code="b">spa</subfield>
    <subfield code="c">BNPHU</subfield>
    <subfield code="e">rda</subfield>
  </datafield>
  <datafield tag="041" ind1=" " ind2=" ">
    <subfield code="a">spa</subfield>
  </datafield>
  <datafield tag="082" ind1=" " ind2=" ">
    <subfield code="a">340.1</subfield>
    <subfield code="b">S232m, 2002</subfield>
    <subfield code="2">22</subfield>
  </datafield>
  <datafield tag="100" ind1=" " ind2=" ">
    <subfield code="a">Santana Marcano, Miguel &#xC1;ngel,</subfield>
    <subfield code="d">1967-</subfield>
    <subfield code="e">autor</subfield>
    <subfield code="9">48937</subfield>
  </datafield>
  <datafield tag="245" ind1="1" ind2="0">
    <subfield code="a">Manual elemental de l&#xF3;gica jur&#xED;dica para abogados /</subfield>
    <subfield code="c">Miguel &#xC1;ngel Santana Marcano.</subfield>
  </datafield>
  <datafield tag="264" ind1=" " ind2=" ">
    <subfield code="a">Santo Domingo :</subfield>
    <subfield code="b">Libreria y Papeleria La Filantropica</subfield>
    <subfield code="c">2002</subfield>
  </datafield>
  <datafield tag="300" ind1=" " ind2=" ">
    <subfield code="a">79 p. ;</subfield>
    <subfield code="c">22 cm.</subfield>
  </datafield>
  <datafield tag="336" ind1=" " ind2=" ">
    <subfield code="a">texto</subfield>
    <subfield code="b">txt</subfield>
    <subfield code="2">rdacontent</subfield>
  </datafield>
  <datafield tag="337" ind1=" " ind2=" ">
    <subfield code="a">sin mediaci&#xF3;n </subfield>
    <subfield code="b">n</subfield>
    <subfield code="2">rdamedia</subfield>
  </datafield>
  <datafield tag="338" ind1=" " ind2=" ">
    <subfield code="a">volumen</subfield>
    <subfield code="b">nc</subfield>
    <subfield code="2">rdacarrier</subfield>
  </datafield>
  <datafield tag="505" ind1="0" ind2=" ">
    <subfield code="t">Qu&#xE9; es la l&#xF3;gica? --</subfield>
    <subfield code="t">Los primeros principios --</subfield>
    <subfield code="t">Qu&#xE9; es un concepto --</subfield>
    <subfield code="t">El &#xE1;rbol de Porfirio --</subfield>
    <subfield code="t">Qu&#xE9; es el juicio --</subfield>
    <subfield code="t">Divisi&#xF3;n cl&#xE1;sica de los juicios --</subfield>
    <subfield code="t">Qu&#xE9; es la conversi&#xF3;n de un juicio --</subfield>
    <subfield code="t">Reglas sobre la verdad y falsedad de los juicios resultantes de la conversi&#xF3;n y controversias --</subfield>
    <subfield code="t">Relaci&#xF3;n entre el juicio y la proposici&#xF3;n --</subfield>
    <subfield code="t">El razonamiento o raciocinio --</subfield>
    <subfield code="t">Clases de razonamientos --</subfield>
    <subfield code="t">Qu&#xE9; es el silogismo? --</subfield>
    <subfield code="t">Reglas del silogismos --</subfield>
    <subfield code="t">Qu&#xE9; es una figura silog&#xED;stica --</subfield>
    <subfield code="t">Qu&#xE9; es un modo silog&#xED;stico? --</subfield>
    <subfield code="t">Qu&#xE9; es un modo silog&#xED;stico? --</subfield>
    <subfield code="t">La primera figuara silog&#xED;stica --</subfield>
    <subfield code="t">La segunda figura silog&#xED;stica --</subfield>
    <subfield code="t">La tercera figura silog&#xED;stica --</subfield>
    <subfield code="t">La cuarta figura silog&#xED;stica --</subfield>
    <subfield code="t">La cuarta figura silog&#xED;stica --</subfield>
    <subfield code="t">Reducci&#xF3;n de los silogismos --</subfield>
    <subfield code="t">Qu&#xE9; es una conversi&#xF3;n peraccidens? --</subfield>
    <subfield code="t">Qu&#xE9; es la reducci&#xF3;n ad inpossibile? --</subfield>
    <subfield code="t">Qu&#xE9; es el silogismo hipot&#xE9;tico? --</subfield>
    <subfield code="t">Qu&#xE9; es un entimema --</subfield>
    <subfield code="t">Qu&#xE9; es un epiquerema? --</subfield>
    <subfield code="t">Qu&#xE9; es un sorites? --</subfield>
    <subfield code="t">Qu&#xE9; es un dilema? --</subfield>
    <subfield code="t">Qu&#xE9; es un argumento? --</subfield>
    <subfield code="t">Qu&#xE9; es argumentaci&#xF3;n concluyente? --</subfield>
    <subfield code="t">Qu&#xE9; es argumento anal&#xF3;gico? --</subfield>
    <subfield code="t">Vicios de la argumentaci&#xF3;n --</subfield>
    <subfield code="t">Clasificaci&#xF3;n de los sofismos verbales --</subfield>
    <subfield code="t">Sofismos materiales o de pensamiento.</subfield>
  </datafield>
  <datafield tag="650" ind1=" " ind2="4">
    <subfield code="a">Filosof&#xED;a del derecho</subfield>
    <subfield code="9">1175</subfield>
  </datafield>
  <datafield tag="650" ind1=" " ind2="4">
    <subfield code="a">L&#xF3;gica (derecho)</subfield>
    <subfield code="9">1174</subfield>
  </datafield>
  <datafield tag="910" ind1=" " ind2=" ">
    <subfield code="a">DG</subfield>
  </datafield>
  <datafield tag="942" ind1=" " ind2=" ">
    <subfield code="2">ddc</subfield>
    <subfield code="c">LBS1</subfield>
  </datafield>
  <datafield tag="952" ind1=" " ind2=" ">
    <subfield code="0">0</subfield>
    <subfield code="1">0</subfield>
    <subfield code="2">ddc</subfield>
    <subfield code="5">1</subfield>
    <subfield code="7">0</subfield>
    <subfield code="8">PD</subfield>
    <subfield code="a">BNPHU</subfield>
    <subfield code="b">BNPHU</subfield>
    <subfield code="c">CT</subfield>
    <subfield code="d">2026-03-13</subfield>
    <subfield code="e">Donaci&#xF3;n</subfield>
    <subfield code="l">0</subfield>
    <subfield code="o">BNPHU PD 340.1 S232m, 2002</subfield>
    <subfield code="p">2026-2147</subfield>
    <subfield code="r">2026-03-13</subfield>
    <subfield code="w">2026-03-13</subfield>
    <subfield code="y">LBS1</subfield>
    <subfield code="z">Federico Henr&#xED;quez Grateraux</subfield>
  </datafield>
  <datafield tag="999" ind1=" " ind2=" ">
    <subfield code="c">60500</subfield>
    <subfield code="d">60500</subfield>
  </datafield>
</record>
